Countries with a Brazilian Embassy - Statistics

General Stats
  • This quiz has been taken 71 times
  • The average score is 85 of 131
Answer Stats
Continent Answer % Correct
Africa Egypt
94%
Europe/Asia Russia
89%
Americas United States
89%
Africa Algeria
85%
Americas Argentina
85%
Americas Canada
85%
Asia China
85%
Asia Japan
85%
Africa South Africa
85%
Europe United Kingdom
85%
Americas Mexico
83%
Americas Panama
83%
Asia/Europe Turkey
83%
Africa Ethiopia
81%
Asia India
81%
Africa Morocco
81%
Europe Norway
81%
Europe Portugal
81%
Europe Spain
81%
Europe Sweden
81%
Africa Angola
79%
Europe Finland
79%
Europe France
79%
Europe Germany
79%
Asia Indonesia
79%
Europe Ireland
79%
Asia Israel
79%
Africa Sudan
79%
Europe Ukraine
79%
Americas Colombia
77%
Americas Ecuador
77%
Americas Guatemala
77%
Americas Guyana
77%
Americas Peru
77%
Asia South Korea
77%
Americas Uruguay
77%
Americas Chile
74%
Americas Costa Rica
74%
Americas Paraguay
74%
Americas Suriname
74%
Europe Switzerland
74%
Asia Thailand
74%
Africa Tunisia
74%
Oceania Australia
72%
Europe Belgium
72%
Americas Dominican Republic
72%
Asia Iran
72%
Europe Italy
72%
Asia Malaysia
72%
Europe Netherlands
72%
Asia Saudi Arabia
72%
Europe Austria
70%
Americas Bolivia
70%
Americas El Salvador
70%
Europe Greece
70%
Americas Nicaragua
70%
Africa Nigeria
70%
Europe Poland
70%
Asia United Arab Emirates
70%
Americas Belize
68%
Europe Denmark
68%
Americas Honduras
68%
Europe Hungary
68%
Asia Iraq
68%
Oceania New Zealand
68%
Asia Pakistan
68%
Africa Mali
66%
Americas Haiti
64%
Africa Kenya
64%
Asia Oman
64%
Asia Qatar
64%
Asia Vietnam
64%
Europe Croatia
62%
Americas Cuba
62%
Africa Democratic Republic of the Congo
62%
Africa Ghana
62%
Europe Romania
62%
Europe Serbia
62%
Americas Bahamas
60%
Europe Belarus
60%
Africa Guinea
60%
Africa Republic of the Congo
60%
Africa Tanzania
60%
Africa Togo
60%
Africa Zambia
60%
Europe Bulgaria
57%
Europe Czech Republic
57%
Asia Lebanon
57%
Africa Mozambique
57%
Africa Namibia
57%
Asia Philippines
57%
Africa Senegal
57%
Americas Trinidad and Tobago
57%
Africa Zimbabwe
57%
Africa Benin
55%
Africa Ivory Coast
55%
Americas Jamaica
55%
Asia Kazakhstan
55%
Asia Nepal
55%
Asia Singapore
55%
Europe Slovakia
55%
Asia Bahrain
53%
Americas Barbados
53%
Europe Estonia
53%
Europe Slovenia
53%
Asia Bangladesh
51%
Africa Botswana
51%
Africa Cameroon
51%
Europe Cyprus
51%
Asia Jordan
51%
Asia Myanmar
51%
Asia Syria
51%
Europe Bosnia and Herzegovina
49%
Africa Guinea-Bissau
49%
Asia Azerbaijan
47%
Africa Cape Verde
47%
Asia Kuwait
47%
Africa Mauritania
47%
Asia North Korea
47%
Asia Armenia
45%
Asia Georgia
45%
Europe Albania
43%
Africa São Tomé and Principe
43%
Africa Gabon
40%
Americas Saint Lucia
40%
Asia Sri Lanka
38%
Africa Equatorial Guinea
36%
Africa Burkina Faso
30%
Africa Malawi
30%
Europe Vatican City
30%
Asia East Timor
21%
No matching quizzes found
Score Distribution
Percent of People with Each Score
Percentile by Number Answered
Your Score History
You have not taken this quiz